| 000 | 01793nam a2200457 c 4500 | ||
|---|---|---|---|
| 999 |
_c154853 _d154853 |
||
| 003 | BLK | ||
| 005 | 20240222143336.0 | ||
| 008 | 180410b bul|||||r ||||||| ||bul|| | ||
| 010 | _aKNG00161507000 | ||
| 040 | _aBLK | ||
| 041 |
_aBUL _cBUL |
||
| 072 | 7 |
_2bullib _aК _xКраезнание |
|
| 080 |
_aЗанаятчийски и индустриални камари. Търговски палати _b334.788.2 _x(497.215) _z334.788.2(497.215) |
||
| 100 | 1 |
_aКолабашев, Димо _eпърви автор _980841 |
|
| 139 |
_aКолабашев, Димо и др. _bК 77 |
||
| 245 | 1 | 0 |
_aРусенска търговска индустриална камара _bИнвентарни описи : 1895 - 1947 _cДимо Колабашев; съавт. Любомир Златев; съавт. Райна Йорданова. |
| 257 | _aBGR | ||
| 260 |
_bДърж. арх. _c1984 _fРусе : Дунав |
||
| 300 |
_a61 с. _c21 см |
||
| 380 | _a3 | ||
| 500 | _a500 тир. | ||
| 650 | 4 |
_aКамари, търговско-индустриални _9280620 |
|
| 651 | 4 |
_aБългария _9241624 |
|
| 651 | 4 |
_aРусе _9179462 |
|
| 653 | _aРТИК | ||
| 653 | _aтърговско-индустриални камари | ||
| 653 | _aописи | ||
| 653 | _aархиви | ||
| 653 | _aРусе | ||
| 659 | _aК | ||
| 700 | 1 |
_aЗлатев, Любомир _eсъавт. _9381041 |
|
| 700 | 1 |
_aЙорданова, Райна _eсъавт. _9381042 |
|
| 852 | _aЦб 194461 | ||
| 852 | _aК 334/К 77 Д | ||
| 856 | 4 | _qpdf | |
| 856 | 4 | _qpdf | |
| 942 |
_cKNG _n0 _s1 |
||
| 944 |
_aCR _c30.05.2014 _lГеновева Генчева _k30560 |
||
| 944 |
_aED _c04.06.2014 _l30.05.2014 - от С1,Р / 30.05.2014 |
||
| 999 | _d154853 | ||